00988nam a22002537a 450000500170000001000260001702000260004303500140006903500140008303700090009708200100010610000250011624500570014125000060019826000330020427000830023730000220032070000260034271000350036894200240040399900190042795201300044695201580057620241010160656.0 aENG-138808 ENG-142072 c795.00a9789393473141 aEN-122340 aEN-125604 bDBAD a620.5 aKejriwal,Mona972611 aBasic of Nanosciences/cMona Kejriwal And Nidhi Jain a1 aNew DelhibLenin Mediac2022 bNew Delhia204, IInd Floor, Durga Complex, CSC, Mayur Vihar, Phase-II e110091 a138p.c23 cm(hbk) aKejriwal, Mona960728 aRoma ChatterjeeeEditor959600 2ddccENh620.5mKEJ c200016d200016 001040708NFICaZLSbZLSd2024-01-08eDBAD/PUBg795.00l0o4 KEJpEN-122340r2024-01-08 00:00:00t1v795.00w2024-01-08yEN 001040718NFICaDBADbDBADd2024-10-10eDelivery of Books Act Divisiong795.00l0o620.5 KEJpEN-125604r2024-10-10 00:00:00t1v795.00w2024-10-10yEN